00837cam a22002531 4500001001300000003000400013005001700017008004100034010001700075025001900092035002000111040001800131042001200149043001200161050001700173082001600190100004200206245011500248260006900363300002300432650004600455650004500501700003700546sa 67006788 DLC20260227112410.0861114s1967 ii 100 0 eng  asa 67006788  aPL480:I-E-8437 a(OCoLC)14713039 aDLCcWaUdDLC apremarc aa-ii---00aHD70.I4bB33 a658.42/09541 aBatchelor, Alan Harold,d1930-ecomp.10aAspects of top management;ba symposium,cedited by A. H. Batchelor. Contributions by V. V. Giri [and others. aBangalore]bSt. Mark's Cathedral Industrial Team Service,c1967. avi, 128 p.c22 cm. 0aIndustrial managementzIndiavCongresses. 0aIndustrial relationszIndiavCongresses.1 aGiri, Varahagiri Venkata,d1894-